|
|
|
|
| LEADER |
02153nam a2200493 4500 |
| 001 |
ocn957557857 |
| 003 |
OCoLC |
| 005 |
20180501122032.0 |
| 006 |
m o d |
| 007 |
cr cnu|||unuuu |
| 008 |
160831s2016 enk o 001 0 eng d |
| 040 |
|
|
|a N$T
|b eng
|e rda
|e pn
|c N$T
|d OPELS
|d IDEBK
|d YDX
|d EBLCP
|d N$T
|d EBLB
|d OCLCF
|d UPM
|d OPELS
|d OCLCQ
|d OPELS
|d OCLCO
|d D6H
|d GrThAP
|
| 019 |
|
|
|a 957617040
|a 957737385
|
| 020 |
|
|
|a 9780128026304
|q (electronic bk.)
|
| 020 |
|
|
|a 0128026308
|q (electronic bk.)
|
| 020 |
|
|
|a 0128024577
|q (electronic bk.)
|
| 020 |
|
|
|a 9780128024577
|q (electronic bk.)
|
| 035 |
|
|
|a (OCoLC)957557857
|z (OCoLC)957617040
|z (OCoLC)957737385
|
| 050 |
|
4 |
|a QL536
|
| 072 |
|
7 |
|a SCI
|x 070000
|2 bisacsh
|
| 082 |
0 |
4 |
|a 595.77/2
|2 23
|
| 049 |
|
|
|a TEFA
|
| 245 |
0 |
0 |
|a Progress in mosquito research /
|c edited by Alexander S. Raikhel.
|
| 264 |
|
1 |
|a London, United Kingdom :
|b Academic Press is an imprint of Elsevier,
|c 2016.
|
| 300 |
|
|
|a 1 online resource.
|
| 336 |
|
|
|a text
|b txt
|2 rdacontent
|
| 337 |
|
|
|a computer
|b c
|2 rdamedia
|
| 338 |
|
|
|a online resource
|b cr
|2 rdacarrier
|
| 490 |
1 |
|
|a Advances in insect physiology ;
|v volume 51
|
| 500 |
|
|
|a Includes index.
|
| 588 |
0 |
|
|a Online resource; title from PDF title page (ScienceDirect, viewed September 1, 2016).
|
| 520 |
|
|
|a Insect Immunity, Volume 52 provides readers with the latest interdisciplinary reviews on the topic. It is an essential reference source for invertebrate physiologists, neurobiologists, entomologists, zoologists and insect chemists.
|
| 650 |
|
0 |
|a Mosquitoes.
|
| 650 |
|
7 |
|a SCIENCE / Life Sciences / Zoology / General
|2 bisacsh
|
| 650 |
|
7 |
|a Mosquitoes.
|2 fast
|0 (OCoLC)fst01026772
|
| 650 |
1 |
2 |
|a Culicidae
|x physiology.
|
| 650 |
1 |
2 |
|a Aedes
|x physiology.
|
| 650 |
2 |
2 |
|a Insect Vectors
|x genetics.
|
| 650 |
2 |
2 |
|a Sex Determination Processes
|x genetics.
|
| 655 |
|
4 |
|a Electronic books.
|
| 700 |
1 |
|
|a Raikhel, Alexander S.,
|e editor.
|
| 776 |
0 |
8 |
|i Print version:
|z 9780128024577
|z 0128024577
|w (OCoLC)950449948
|
| 830 |
|
0 |
|a Advances in insect physiology ;
|v volume 51.
|
| 856 |
4 |
0 |
|u https://www.sciencedirect.com/science/bookseries/00652806/51
|z Full Text via HEAL-Link
|